000 00621nam a2200133Ia 4500
008 171212s9999 xx 000 0 und d
020 _a9781925021608
100 _aAllbrook, Malcolm
245 _cAllbrook, Malcolm
_aHenry Prinsep’s Empire
260 _bANU E Press
_c2014
650 _aHistory
650 _aPrinsep, Henry Charles 1844-1922; East India Company; Artists -- Western Australia -- Biography; Civil service -- Officials and employees -- Biography; Western Australia -- Social life and customs -- 19th century; India -- Social life and customs -- 19th
856 _uhttp://www.jstor.org/stable/j.ctt13wwvzc
999 _c351140
_d351140